Nueva estrategia del desarrollo en Costa Rica: el campesinado y la agro-industria

Guardat en:
Dades bibliogràfiques
Autor principal: Quirós Martín, Teresa
Format: Text
Publicat: s.n.t. :
Etiquetes: Afegir etiqueta
Sense etiquetes, Sigues el primer a etiquetar aquest registre!

MARC

LEADER 00000 a a2200000 04500
001 18878
003
040
090 |a 015400  
100 |a Quirós Martín, Teresa  
245 |a Nueva estrategia del desarrollo en Costa Rica: el campesinado y la agro-industria  
260 |a s.n.t. :  
300 |a 32 p.  
500 |a Proyecto de Investigación Maestría Sociología Rural - CLACSO  
999 |c 1415  |d 1415